<Les> moyens de paiement
Enregistré dans:
| Auteur principal: | |
|---|---|
| Autres auteurs: | |
| Format: | Livre |
| Langue: | français |
| Publié: |
Paris
Presses Universitaires de France
1999
|
| Collection: | Que sais - je ?
3513 |
| Sujets: | |
| Tags: |
Pas de tags, Soyez le premier à ajouter un tag!
|
MARC
| LEADER | 00000nam$a2200000$$$4500 | ||
|---|---|---|---|
| 001 | 0115582 | ||
| 005 | 20240111125207.1 | ||
| 020 | |a 2-13-050364-0 | ||
| 041 | 0 | |a fre | |
| 044 | |a FR | ||
| 245 | 1 | 0 | |a <Les> moyens de paiement |c Jean-Pierre Toernig, François Brion |
| 264 | 1 | |a Paris |b Presses Universitaires de France |c 1999 | |
| 300 | |a 127 s. | ||
| 490 | 1 | |a Que sais - je ? |v 3513 | |
| 830 | 0 | |a Que sais - je ? |v 3513 | |
| 610 | 2 | 0 | |a prostriedky platobné |
| 610 | 2 | 0 | |a styk platobný |
| 100 | 1 | |a Toernig, Jean-Pierre | |
| 700 | 1 | |a Brion, François | |